000 00370nam a2200157Ia 4500
003 OSt
008 191201s2013 xx 000 0 und d
082 _a621.815
_bBUS
100 _aBUDYNAS,Richard G
245 0 _aShigley's Mechanical Engineering Design
250 _aRep
260 _aNew Delhi
_bTMH
_c2013
300 _a1088
650 _aB.Tech(ME)
942 _2ddc
_cBK
999 _c5632
_d5632